Tous les clubs de Cristiano Ronaldo - Statistiques

Statistiques générales
  • Ce quiz a été pris 1 090 fois
  • Le résultat moyen est 5 sur 5
Statistiques - réponses
Hint Réponse % Correct
Espagne Real Madrid
100%
Italie Juventus Turin
99%
Angleterre Manchester United
99%
Portugal Sporting
92%
Arabie Saoudite Al-Nassr
86%
Aucun quiz correspondant
Distribution des résultats
% des personnes avec chaque résultat
Percentile par nombre de réponses
Votre historique - résultats
Vous n’avez pas pris ce quiz